Egypt and the Egyptians / (Record no. 16827)
[ view plain ]
| 000 -LEADER | |
|---|---|
| fixed length control field | 01087nam a2200325 i 4500 |
| 001 - CONTROL NUMBER | |
| control field | 013408798 |
| 003 - CONTROL NUMBER IDENTIFIER | |
| control field | EG-ScBUE |
| 005 - DATE AND TIME OF LATEST TRANSACTION | |
| control field | 20240314105030.0 |
| 008 - FIXED-LENGTH DATA ELEMENTS--GENERAL INFORMATION | |
| fixed length control field | 070521r20102007enkab f b 001 0 eng d |
| 020 ## - INTERNATIONAL STANDARD BOOK NUMBER | |
| International Standard Book Number | 0521616891 |
| 020 ## - INTERNATIONAL STANDARD BOOK NUMBER | |
| International Standard Book Number | 9780521616898 |
| 040 ## - CATALOGING SOURCE | |
| Original cataloging agency | StDuBDS |
| Language of cataloging | eng |
| Description conventions | rda |
| Transcribing agency | EG-ScBUE |
| Modifying agency | Uk |
| -- | EG-ScBUE |
| 043 ## - GEOGRAPHIC AREA CODE | |
| Geographic area code | f-ua--- |
| 082 04 - DEWEY DECIMAL CLASSIFICATION NUMBER | |
| Classification number | 932 |
| Edition number | 22 |
| Item number | BRE |
| 100 1# - MAIN ENTRY--PERSONAL NAME | |
| Personal name | Brewer, Douglas J., |
| Relator term | author. |
| 9 (RLIN) | 30396 |
| 245 10 - TITLE STATEMENT | |
| Title | Egypt and the Egyptians / |
| Statement of responsibility, etc | Douglas J. Brewer, University of Illinois and Emily Teeter, University of Chicago. |
| 250 ## - EDITION STATEMENT | |
| Edition statement | Second edition. |
| 250 ## - EDITION STATEMENT | |
| Edition statement | Fifth printing. |
| 264 #1 - PUBLICATION, DISTRIBUTION, ETC. (IMPRINT) | |
| Place of publication, distribution, etc | Cambridge : |
| Name of publisher, distributor, etc | Cambridge University Press, |
| Date of publication, distribution, etc | 2010. |
| 300 ## - PHYSICAL DESCRIPTION | |
| Extent | xxiii, 255 pages : |
| Other physical details | illustrations, maps ; |
| Dimensions | 26 cm |
| 336 ## - CONTENT TYPE | |
| Source | rdacontent |
| Content type term | text |
| Content type code | txt |
| 337 ## - MEDIA TYPE | |
| Media type term | unmediated |
| Source | rdamedia |
| Media type code | n |
| 338 ## - CARRIER TYPE | |
| Carrier type term | volume |
| Carrier type code | nc |
| Source | rdacarrier |
| 504 ## - BIBLIOGRAPHY, ETC. NOTE | |
| Bibliography, etc | Includes bibliographical references and index. |
| 651 #7 - SUBJECT ADDED ENTRY--GEOGRAPHIC NAME | |
| Geographic name | Egypt |
| General subdivision | Civilization |
| Chronological subdivision | To 332 B.C. |
| Source of heading or term | BUEsh |
| 9 (RLIN) | 30397 |
| 653 ## - INDEX TERM--UNCONTROLLED | |
| Arrived date list | July2012 |
| 655 ## - INDEX TERM--GENRE/FORM | |
| Form subdivision | Reading book |
| 700 1# - ADDED ENTRY--PERSONAL NAME | |
| Personal name | Teeter, Emily, |
| Relator term | author. |
| 9 (RLIN) | 30398 |
| 942 ## - ADDED ENTRY ELEMENTS (KOHA) | |
| Source of classification or shelving scheme | Dewey Decimal Classification |
| Koha item type | Book - Borrowing |
| Withdrawn status | Lost status | Source of classification or shelving scheme | Damaged status | Not for loan | Collection code | Home library | Current library | Shelving location | Date acquired | Source of acquisition | Cost, normal purchase price | Serial Enumeration / chronology | Total Checkouts | Total Renewals | Full call number | Barcode | Date last seen | Date checked out | Price effective from | Koha item type |
|---|---|---|---|---|---|---|---|---|---|---|---|---|---|---|---|---|---|---|---|---|
| Dewey Decimal Classification | Baccah | Central Library | Central Library | Second Floor | 08/07/2012 | 249.00 | 15424 | 1 | 1 | 932 BRE | 000026921 | 15/07/2025 | 11/01/2015 | 08/07/2012 | Book - Borrowing |